Minecraft Pillager Outpost Loot - Statistics

General Stats
  • This quiz has been taken 16 times
  • The average score is 9 of 13
Answer Stats
Answer % Correct
Arrow
90%
Crossbow
90%
Bottle o' Enchanting
80%
Tripwire Hook
80%
Carrot
70%
Goat Horn
70%
Potato
70%
Wheat
70%
Dark Oak Log
60%
Enchanted Book
60%
Iron Ingot
60%
String
60%
Sentry Armor Trim Smithing Template
50%
No matching quizzes found
Score Distribution
Percent of People with Each Score
Percentile by Number Answered
Your Score History
You have not taken this quiz